| 000 | 00628nam a22001937a 4500 | ||
|---|---|---|---|
| 003 | OSt | ||
| 005 | 20260218080219.0 | ||
| 008 | 260218b |||||||| |||| 00| 0 eng d | ||
| 020 | _a971-27-1486 | ||
| 040 |
_aDWCL-Main Lib _cOC |
||
| 082 | _aRes. 959.9 m236 2004 | ||
| 100 | _aMalaya, Eduardo J. | ||
| 245 | _a... So help us God : the presidents of the Philippines and their inagural addresses | ||
| 260 |
_aManila : _bAnvil Publishing, _cc2004 |
||
| 300 |
_axvi, 351 p. : _bill. ; _c22 cm. |
||
| 504 | _a1. Includes references. | ||
| 650 | _aPresidents - Philippines - Inaugural address. | ||
| 942 |
_2ddc _cBK-0 CIRC _mRes. _n0 |
||
| 999 |
_c8444 _d8444 |
||